| 000 | 00537nam a2200169Ia 4500 | ||
|---|---|---|---|
| 008 | 240729s9999 xx 000 0 und d | ||
| 022 | _a2520-6303 | ||
| 245 | 0 | _aEconomics, Management and Sustainability | |
| 260 | _aPoland | ||
| 260 | _bCentre of Sociological Research, Szczecin, Poland | ||
| 650 | _a Economic history and conditions | Social Sciences | ||
| 650 | _a Economic theory. Demography | ||
| 650 | _aSocial Sciences | ||
| 856 | _uhttps://doaj.org/toc/8d5111382e3c46a0a65e12f2366e8027 | ||
| 942 | _2ddc | ||
| 942 | _cDOAJEJ | ||
| 999 |
_c66030 _d66030 |
||
| 945 |
_a1 _bMadushi Gamage _c1 _dMadushi Gamage |
||